00573nam a2200157 a 450000100100000000500170001000800410002702000180006804000250008608200150011111000810012624500970020726000450030430000280034950000380037700001637020200929164408.0100304s2008 dr a 001 0 spa d a9789945862218 aDO-SdBNPbspacBNPHU axxxbR332c1 aRepública Dominicana. Comisión Ejecutiva para la Reforma Constitucional.14aLas reformas constitucionales en Latinoamérica y el Caribe :bexperiencias y perspectivas. aSanto Domingo :bAmigo del Hogar,c2008. a246 p. :bil. ;c28 cm. aIncluye notas al pie de páginas